00712nam a2200241 a 4500001001300000003000900013005001700022008004100039020001100080082001500091100002300106245007400129260002900203300000900232500003500241505001000276650001800286700002300304902000800327942000700335952011300342999001500455nice12345678IN_TiNIC20260116011632.0050524s1957 lona grp 000 0 eng  ac11.300a236.9bROB aRobinson, John A T aJesus and His Comingb Did the Early Church Misinterpret the Original aLondonbScm Press c1957 a192p aincludes index and biblioraphy2 aIndex aSecond Advent1 aRobinson, John A T bSRS cBK 001040708StackRoom-aHMIbHMId2007-06-20g11.30l0o236.9 ROBp05706r2007-06-20v11.30w2005-05-24yBK c3021d3021